| 000 | 00749nam a2200265Ia 4500 | ||
|---|---|---|---|
| 001 | Para_3383 | ||
| 003 | CHAP | ||
| 008 | 220125s[199 xx 000 0 und d | ||
| 010 | _a201972 | ||
| 040 | _cCHAP | ||
| 082 | _aPA-C 632.9 C6 | ||
| 100 |
_aMontgomery, B. Elwood _977927 |
||
| 245 |
_aSpecimens of Edonata desired / _c B. Elwood Montgomery |
||
| 260 |
_aLafayette : _b Purdue University |
||
| 300 | _a1 p. | ||
| 500 | _aEncuadernado con: Nueva plaga del nopal/ Ricardo Coronado P. | ||
| 650 |
_aAgricultura _x Plagas Libelulas _9166943 |
||
| 901 | _aPA-C 632.9 C6 | ||
| 902 | _aA | ||
| 905 | _a000000[19--] LAF 0000000000 00 | ||
| 910 | _a[19- | ||
| 942 | _cPARA | ||
| 942 |
_cPARA _d1 |
||
| 999 |
_c201972 _d201972 |
||